BIBLIOTHÈQUE DE LA MAISON DU MEXIQUE

Logo 1 Logo 2

Las matemáticas y lo concreto (notice nᵒ 6527)

détails MARC
000 -Sello discográfico
campo de control de longitud fija 01100nam a2200325 4500
005 - Identificación de versión
campo de control 20251016084656.0
099 ## - fechas locales
Tipo de ítem Koha LIBRO
100 ## - Datos de procesamiento general
Datos de procesamiento general 20230620d1958 m y1spay5003 ba
101 ## - Idioma del recurso
Idioma del texto, banda sonora, etc. Español; Castellano
Idioma de la obra original Francés
105 ## - Campo de datos codificados: Material textual, monográfico
Datos codificados de monografía a 001zy
200 1# - Título y mención de responsabilidad
Título propio Las matemáticas y lo concreto
Designación general del material texto impreso
Primer mención de responsabilidad Maurice Fréchet
Declaración de responsabilidad subsiguiente traducción directa Gustavo Machado
-- prefacio Raymon Bayer
205 ## - Declaración de edición
Declaración de edición 1a ed
210 ## - Publicación, distribución, etc.
Lugar de publicación, distribución, etc. México
Nombre del editor, distribuidor, etc. Universidad Nacional Autónoma de México, Dirección General de Publicaciones
Fecha de publicación, distribución, etc. 1958
215 ## - Descripción física
Designación de material específico y extensión del ítem 488 p
Otras características físicas il.
Dimensiones 21 cm
345 ## - Nota de información de adquisición
Fuente de adquisición/dirección de la suscripción [OBSOLETO] Donación
410 #1 - Series
Título Problemas Científicos y Filosóficos
Número de volumen 10
454 #1 - Traducción de
Título Les Mathématiques et le Concret
606 ## - Término temático usado como materia
Elemento de entrada Matemáticas
Subdivisión temática Filosofía
Número Koha 12381
660 ## - Código de área geográfica
Código MX
700 ## - Nombre personal - Responsabilidad primaria
Elemento de entrada Fréchet
Parte del nombre distinta del elemento de entrada René Maurice
Fechas 1878-1973
Número Koha 12382
702 ## - Nombre personal - Responsabilidad secundaria
Elemento de entrada Bayer
Parte del nombre distinta del elemento de entrada Raymond
Fechas 1898-1959
Número Koha 12383
702 ## - Nombre personal - Responsabilidad secundaria
Elemento de entrada Machado
Parte del nombre distinta del elemento de entrada Gustavo
Número Koha 12384
801 #0 - Fuente de origen
País FR
Agencia cm
Reglas de catalogación (convenciones descriptivas) AFNOR
900 ## -
-- 1/22097
900 ## -
-- 7100417642\080104
942 ## - ELEMENTOS DE ENTRADA SECUNDARIOS (KOHA)
Tipo de ítem Koha Livre
996 ## -
-- MEX
-- 751145101
-- MMAG
-- 008071
-- 510.1 F851M
-- 20230620LIV
Exemplaires
Estatus retirado Estado de daño Estado de pérdida Fecha de adquisición Biblioteca de origen Biblioteca actual Ubicación en estantería Código de barras Precio de reemplazo Signatura topográfica completa No para préstamo Tipo de ítem Koha Nota pública Nota no pública
      05/08/2025 Casa México Paris Casa México Paris   008071 05/08/2025 510.1 F851M   Livre 20230620LIV 751145101